| 000 | 01011nam a2200277 i 4500 | ||
|---|---|---|---|
| 001 | bg | ||
| 003 | BPK | ||
| 005 | 20200817141657.0 | ||
| 008 | 970510s1992 pl a f f |000 0 pol | ||
| 015 | _aPB 1994/6851 | ||
| 040 |
_aWA N _cBPK |
||
| 080 | _a531/534 | ||
| 080 | _a(075.8) | ||
| 100 | 1 |
_aPaluch, Marian _d(1942- ) _eAutor |
|
| 245 | 1 | 0 |
_aMechanika teoretyczna / _cMarian Paluch ; Politechnika Krakowska im. Tadeusza Kościuszki. |
| 250 | _aWyd. 4 uzup. | ||
| 260 |
_aKraków : _bPK, _c1992. |
||
| 300 |
_a288 s. : _brys., wykr. ; _c24 cm. |
||
| 504 | _aBibliogr. s. 283. | ||
| 521 | _aSkrypt dla studentów wyższych szkół technicznych wydziałów inżynierii lądowej, sanitarnej i wodnej. | ||
| 655 | 4 | _aPodręczniki akademickie | |
| 650 | 4 | _aMechanika | |
| 710 | 2 |
_aPolitechnika Krakowska im. Tadeusza Kościuszki _4pbl. |
|
| 856 |
_uhttp://koha.tu.koszalin.pl/cgi-bin/koha/opac-detail.pl?biblionumber=5580 _yKatalog online BPK |
||
| 942 |
_2UKD _cKS |
||
| 999 |
_c5580 _d5580 |
||